[Event "37th Andorra Open 2019"]
[Site "Caldea"]
[Date "2019.07.31"]
[Round "5.5"]
[White "Aloma Vidal, Robert"]
[Black "Asis Gargatagli, Hipolito"]
[Result "1/2-1/2"]
[WhiteElo "2419"]
[BlackElo "2506"]
[Annotator "ChessBase"]
[PlyCount "26"]
[EventDate "2018.07.21"]
[EventType "swiss"]
[EventCountry "AND"]
[SourceTitle "playchess.com"]
[Source "ChessBase"]
[SourceQuality "1"]
[TimeControl "40/5400+30:1800+30"]

1. e4 {[%emt 0:07:12]} e5 {[%emt 0:00:05]} 2. Nf3 {[%emt 0:00:11]} Nc6 {[%emt 0:00:14]} 3. Bb5 {[%emt 0:00:19]} g6 {[%emt 0:01:02]} 4. d4 {[%emt 0:02:55]} exd4 {[%emt 0:00:29]} 5. Bg5 {[%emt 0:00:46]} Be7 {[%emt 0:00:49]} 6. Bxe7 {[%emt 0:00:58]} Qxe7 {[%emt 0:00:22]} 7. Bxc6 {[%emt 0:02:23]} dxc6 {[%emt 0:00:23]} 8. Qxd4 {[%emt 0:00:31]} Nf6 {[%emt 0:00:19]} 9. Nc3 {[%emt 0:01:35]} Bg4 {[%emt 0:02:34]} 10. Nd2 {[%emt 0:04:35]} c5 {[%emt 0:02:01]} 11. Qe3 {[%emt 0:02:02]} O-O-O {[%emt 0:00:43]} 12. f3 {[%emt 0:03:34]} Be6 {[%emt 0:03:25]} 13. O-O-O {[%emt 0:04:57]} b6 {[%emt 0:07:57]} 1/2-1/2

[Event "37th Andorra Open 2019"]
[Site "Caldea"]
[Date "2019.07.31"]
[Round "5.6"]
[White "Cuartas, Jaime Alexander"]
[Black "Narciso Dublan, Marc"]
[Result "1/2-1/2"]
[WhiteElo "2542"]
[BlackElo "2489"]
[Annotator "TA"]
[PlyCount "85"]
[EventDate "2018.07.21"]
[EventType "swiss"]
[EventCountry "AND"]
[SourceTitle "playchess.com"]
[Source "ChessBase"]
[SourceQuality "1"]

{[%evp 10,85,3,-3,0,0,0,0,8,0,0,0,30,28,36,14,27,22,46,46,46,37,37,37,37,43,64,50,64,54,92,44,92,54,99,99,100,100,104,106,100,100,110,110,122,99,134,124,131,111,133,82,88,91,86,80,79,82,84,20,39,8,8,8,8,8,8,8,14,14,14,8,8,8,8,8,8,8]} 1. e4 c6 2. d3 d5 3. Nd2 e5 4. Ngf3 Bd6 5. d4 exd4 6. exd5 Nf6 {B10: Caro-Kann: 2 d3 and 2 c4} 7. dxc6 (7. Nc4 Bb4+ 8. Bd2 Bxd2+ 9. Qxd2 cxd5 10. Nce5 O-O 11. O-O-O Nc6 12. Nxc6 bxc6 13. Qxd4 Bg4 14. Bd3 {1-0 (38) Carlsen,M (2832)-So,W (2815) chess.com INT 2017}) 7... Nxc6 8. Nb3 O-O 9. Be2 Re8 10. O-O Qc7 11. h3 Be5 12. Nxe5 $146 (12. Bb5 {seems wilder.} a6 13. Bxc6 bxc6 14. Nxe5 Qxe5 15. Qxd4 Qh5 16. Bf4) ({Predecessor:} 12. Bb5 Bd7 13. Nxe5 Qxe5 14. Bxc6 Bxc6 15. Nxd4 {1-0 (23) Drabke,L (2434)-Watson,C (1926) Rhodes 2013}) 12... Qxe5 13. Bf3 Bf5 14. Bxc6 bxc6 15. Qxd4 Bxc2 16. Qxe5 Rxe5 17. Nd4 Be4 18. Bf4 Ree8 19. Rfc1 Rac8 20. b4 Bd5 21. Be3 Ne4 22. Rc2 c5 23. bxc5 Rxc5 24. Rxc5 Nxc5 {[#]} 25. Nb5 $1 Ne6 26. Nxa7 f5 27. f3 g5 {[#]} 28. a4 $1 {[%cal Ba2a4,Ba4a5][%mdl 32]} h5 29. a5 f4 30. Bf2 ({White should play} 30. Bb6) 30... g4 $16 31. hxg4 hxg4 32. fxg4 {Black must now prevent Rd1.} f3 33. gxf3 {Threatens to win with a6.} Ng5 34. Rd1 (34. Kh2 $16) 34... Bxf3 $11 35. Re1 (35. Rd3 {looks sharper.} Bxg4 36. Be3 Nf3+ 37. Kf2 Ne5 38. Rc3) 35... Rxe1+ {The position is equal.} 36. Bxe1 Bxg4 {[%mdl 4096] Endgame KBN-KBN} 37. Kf2 Bd7 38. Ke3 {aiming for Bh4.} Kf8 39. Bh4 Ne6 40. Ke4 {Kd5 is the strong threat.} Nc7 41. Kd4 {Hoping for Kc5.} Nb5+ 42. Nxb5 Bxb5 43. Ke4 {Accuracy: White = 68%, Black = 55%.} 1/2-1/2

[Event "37th Andorra Open 2019"]
[Site "Caldea"]
[Date "2019.07.31"]
[Round "5.7"]
[White "Fedorchuk, Sergey A."]
[Black "Vega Gutierrez, Sabrina"]
[Result "1-0"]
[WhiteElo "2633"]
[BlackElo "2385"]
[Annotator "TA"]
[PlyCount "121"]
[EventDate "2018.07.21"]
[EventType "swiss"]
[EventCountry "AND"]
[SourceTitle "playchess.com"]
[Source "ChessBase"]
[SourceQuality "1"]

{[%evp 12,121,14,15,18,0,0,2,0,-12,0,0,0,-32,-27,-25,-14,-18,-12,-25,-10,-31,-11,-5,-3,-10,-15,-18,-12,-13,-3,-16,-17,-59,-49,-139,-136,-138,-129,-168,-167,-203,-146,-155,0,0,161,177,257,251,236,175,231,228,306,292,361,325,308,308,337,327,330,339,356,338,331,275,262,235,282,264,503,503,502,491,497,497,464,448,433,433,503,505,505,502,491,483,483,469,462,424,739,770,681,648,638,637,1929,1762,1546,1196,5591,5591,3183,1498,29979,29979,29971,5497,1035,717]} 1. e4 c5 2. Nf3 Nc6 3. Bb5 g6 4. Bxc6 dxc6 5. d3 Bg7 6. Nbd2 Nf6 7. O-O O-O {B31: Sicilian: 2...Nc6 3 Bb5 g6} 8. h3 Nh5 9. Nc4 b5 $146 {The position is equal.} ({Predecessor:} 9... Qc7 10. a4 Nf4 11. a5 Rd8 12. Be3 Be6 13. Nfd2 b5 14. axb6 axb6 15. Rxa8 Rxa8 16. Bxf4 Qxf4 17. Nxb6 {½-½ (72) Held,M (2315)-Cao,S (2515) Budapest 1997}) 10. Ne3 Nf4 11. a4 Ne6 12. c3 b4 13. Qc2 bxc3 14. bxc3 Ba6 15. Rd1 Rb8 16. a5 Nf4 {[%cal Ra6d3]} 17. Nc4 {[%cal Be3c4,Bc4b2,Bb2a4][%mdl 32]} Qc7 18. Be3 Rfd8 19. Nb2 Ne6 20. Ra2 Rb5 21. Na4 Rxa5 22. c4 Bc8 23. Nd2 ({White should play} 23. Qe2 $15) 23... Nd4 $17 24. Bxd4 cxd4 25. Rda1 Bh6 $1 26. Nf3 Qf4 27. Qe2 Rd7 $2 (27... Rh5 $17 {...Bxh3! is the strong threat.} 28. Nh2 Ra5) 28. e5 $1 $11 {Black must now prevent Qe1.} c5 $2 (28... Rc7 $11 {and Black stays safe.}) 29. Qe1 $18 Rxa4 (29... Ra6 {was necessary.}) 30. Rxa4 a6 31. e6 $36 {[%mdl 2048] White has strong initiative.} Rd6 (31... Rc7 {is a better defense.} 32. exf7+ Kxf7) 32. exf7+ Qxf7 33. Ra5 {[%cal Ba4a5,Ba5c5,Bc5c8][%mdl 32]} Re6 34. Qd1 ({Resist} 34. Ne5 Bd2 $18) 34... Bb7 35. Rxc5 Bxf3 36. Qxf3 Qxf3 37. gxf3 {[%mdl 4096] Endgame KRR-KRB} Bd2 38. Rb1 a5 39. Rc8+ Kf7 40. c5 {[%cal Bc4c5,Bc5c6][%mdl 32]} Bb4 41. c6 Re5 $2 (41... Rd6 {keeps fighting.} 42. Rc1 Bc3) 42. Rc1 Bc3 43. Rd8 Rc5 44. Rxd4 {[%mdl 64] Pin} Rxc6 ({And not} 44... Bxd4 45. Rxc5 Bxc5 46. c7) 45. Ra4 Rc5 46. Kf1 Bb4 47. Rxc5 {[%mdl 64] Overworked Piece} Bxc5 48. Rxa5 {KR-KB} Bb6 49. Rb5 Ba7 50. f4 Kf6 51. Kg2 h6 (51... Bd4 $142 52. Kf3 Ke6) 52. Kf3 Bd4 53. Rb4 Bc5 54. Rc4 Ba7 55. d4 Bb8 56. Ke4 Bd6 57. Rc6 Ke6 58. Ra6 (58. Rb6 $142 Kf7 59. Rxd6 $1 {[%mdl 512]} exd6 60. Kd5) 58... g5 59. fxg5 hxg5 60. Ra5 (60. Rc6 $142 Kf7 {[#]} 61. Rxd6 $1 {[%mdl 512]} exd6 62. Kf5 Ke7 63. Kxg5 Kf8 64. f4 Ke8 65. f5) 60... Kf6 61. Kf3 {Accuracy: White = 63%, Black = 37%.} 1-0

[Event "37th Andorra Open 2019"]
[Site "Caldea"]
[Date "2019.07.31"]
[Round "5.8"]
[White "Garcia Martin, Marta"]
[Black "Vavulin, Maxim"]
[Result "1-0"]
[WhiteElo "2335"]
[BlackElo "2561"]
[Annotator "TA"]
[PlyCount "73"]
[EventDate "2018.07.21"]
[EventType "swiss"]
[EventCountry "AND"]
[SourceTitle "playchess.com"]
[Source "ChessBase"]
[SourceQuality "1"]

{[%evp 15,73,37,47,21,37,18,57,62,61,58,91,94,79,43,92,79,163,154,156,168,182,132,141,146,136,141,138,113,89,87,93,81,87,92,237,240,282,222,228,206,225,212,214,210,214,195,335,317,647,631,618,618,700,700,700,700,700,700,700,700]} 1. e4 Nf6 2. e5 Nd5 3. d4 d6 4. Nf3 Bg4 5. Be2 e6 6. h3 Bh5 7. c4 Nb6 8. exd6 cxd6 9. Nc3 {B05: Alekhine's Defence: 4 Nf3 Bg4} Be7 10. d5 e5 11. g4 {White is slightly better.} Bg6 12. h4 {aiming for h5.} h6 (12... h5 13. gxh5 Bxh5 14. c5 N6d7 15. cxd6 Bxd6 16. Ng5 Nf6 17. Bxh5 Nxh5 18. Qf3 Nf4 19. Bxf4 exf4 20. O-O-O Nd7 21. Rhe1+ Kf8 22. Ne6+ {1-0 (22) Robson,R (2680)-Yermolinsky,A (2515) Saint Louis 2015}) 13. h5 Bh7 14. Rg1 $36 {[%mdl 2048] White is pushing.} Na6 15. g5 e4 $146 (15... Bf5 $16 {might work better.}) ({Predecessor:} 15... hxg5 16. Nxg5 Bf5 {1-0 (49) Doshi,M (2224)-Enkhtuul,A (2295) Douglas 2018}) 16. gxh6 $18 gxh6 {[#]} 17. Nxe4 $1 {[%mdl 512] Strongly threatening Qd4.} Nb4 (17... Bxe4 18. Qd4) 18. Bd2 Bxe4 19. Bxb4 {And now Qd4 would win.} Bxf3 20. Bxf3 Nxc4 21. Bc3 Ne5 22. Be2 Bf6 23. Qa4+ Kf8 24. O-O-O a6 (24... Nd7 $16 {keeps fighting.}) 25. Kb1 Rc8 26. Rg3 Rg8 {[#]} 27. Rxg8+ $1 Kxg8 28. Rg1+ Kf8 29. Bd2 Bg7 {[#] ...Qf6 would now be nice for Black.} 30. Qf4 $1 {[%cal Rf4f5] Qf5 is the strong threat.} Rc5 (30... Qd7 $142 31. Bb4 Rc7) 31. Be3 Rc8 $2 (31... Qf6 32. Qxf6 Bxf6 33. Bxc5 dxc5) 32. Qf5 {White is clearly winning.} Qd7 33. Qh7 $1 {[%csl LRg7,LRh6][%mdl 64] Double Attack} Bf6 34. Bxh6+ Ke7 35. Qe4 Rh8 36. Be3 Kf8 37. f4 {Accuracy: White = 83%, Black = 52%.} 1-0

[Event "37th Andorra Open 2019"]
[Site "Caldea"]
[Date "2019.08.01"]
[Round "6.1"]
[White "Lagarde, Maxime"]
[Black "Arizmendi Martinez, Julen Luis"]
[Result "1-0"]
[WhiteElo "2597"]
[BlackElo "2512"]
[Annotator "ChessBase"]
[PlyCount "131"]
[EventDate "2018.07.21"]
[EventType "swiss"]
[EventCountry "AND"]
[SourceTitle "playchess.com"]
[Source "ChessBase"]
[SourceQuality "1"]
[TimeControl "40/5400+30:1800+30"]

1. e4 {[%emt 0:00:29]} c6 {[%emt 0:00:54]} 2. d4 {[%emt 0:01:09]} d5 {[%emt 0:00:07]} 3. e5 {[%emt 0:00:02]} Bf5 {[%emt 0:00:16]} 4. Nf3 {[%emt 0:00:10]} e6 {[%emt 0:00:45]} 5. Be2 {[%emt 0:00:05]} c5 {[%emt 0:01:56]} 6. Be3 {[%emt 0:00:32]} cxd4 {[%emt 0:00:47]} 7. Nxd4 {[%emt 0:00:08]} Ne7 {[%emt 0:00:20]} 8. O-O {[%emt 0:07:21]} Nbc6 {[%emt 0:03:27]} 9. Bb5 {[%emt 0:05:47]} a6 {[%emt 0:24:25]} 10. Bxc6+ {[%emt 0:00:06]} Nxc6 {[%emt 0:00:06]} 11. Nxf5 {[%emt 0:07:48]} exf5 {[%emt 0:00:21]} 12. c3 {[%emt 0:04:30]} Be7 {[%emt 0:10:57]} 13. f4 {[%emt 0:03:37]} O-O {[%emt 0:09:34]} 14. Qd3 {[%emt 0:00:18]} Qd7 {[%emt 0:02:52]} 15. Nd2 {[%emt 0:00:34]} Qe6 {[%emt 0:18:07]} 16. Nb3 {[%emt 0:03:07]} Rfd8 {[%emt 0:01:46]} 17. a4 {[%emt 0:06:43]} g6 {[%emt 0:01:21]} 18. a5 {[%emt 0:01:08]} d4 {[%emt 0:02:01]} 19. Nxd4 {[%emt 0:01:35]} Qd5 {[%emt 0:02:12]} 20. Rfd1 {[%emt 0:07:34]} Bc5 {[%emt 0:04:56]} 21. Qe2 {[%emt 0:17:47]} Qe4 {[%emt 0:03:47]} 22. Qf2 {[%emt 0:01:05]} Qd5 {[%emt 0:01:36]} 23. Qe1 {[%emt 0:07:09]} Qe4 {[%emt 0:03:46]} 24. Nxf5 {[%emt 0:03:52]} Bxe3+ {[%emt 0:01:38]} 25. Nxe3 {[%emt 0:00:05]} Qxf4 {[%emt 0:00:09]} 26. Nd5 {[%emt 0:02:40]} Qxe5 {[%emt 0:00:04]} 27. Qxe5 {[%emt 0:03:24]} Nxe5 {[%emt 0:00:01]} 28. Nb6 {[%emt 0:01:37]} Rab8 {[%emt 0:00:26]} 29. b4 {[%emt 0:04:42]} f6 {[%emt 0:01:26]} 30. Rd4 {[%emt 0:03:15]} Kf7 {[%emt 0:02:41]} 31. Rad1 {[%emt 0:01:17]} Rxd4 {[%emt 0:00:53]} 32. cxd4 {[%emt 0:02:26]} Rd8 {[%emt 0:00:19]} 33. Kf2 {[%emt 0:00:11]} Nd7 {[%emt 0:01:22]} 34. Nc4 {[%emt 0:00:43]} Ne5 {[%emt 0:00:43]} 35. Nb6 {[%emt 0:01:32]} Nd7 {[%emt 0:00:06]} 36. Na4 {[%emt 0:00:12]} Ke6 {[%emt 0:01:08]} 37. Ke3 {[%emt 0:01:06]} Kd6 {[%emt 0:00:38]} 38. Kd3 {[%emt 0:02:07]} Re8 {[%emt 0:00:29]} 39. Rb1 {[%emt 0:00:52]} Kc6 {[%emt 0:00:34]} 40. Nc3 {[%emt 0:00:00]} f5 {[%emt 0:00:00]} 41. d5+ {[%emt 0:08:30]} Kd6 {[%emt 0:01:48]} 42. b5 {[%emt 0:06:46]} Kc5 {[%emt 0:08:50]} 43. bxa6 {[%emt 0:00:05]} bxa6 {[%emt 0:00:08]} 44. Rb7 {[%emt 0:00:07]} Ne5+ {[%emt 0:03:10]} 45. Kc2 {[%emt 0:00:26]} Nc4 {[%emt 0:01:43]} 46. Rxh7 {[%emt 0:00:30]} Ne3+ {[%emt 0:12:11]} 47. Kd3 {[%emt 0:00:05]} Nxd5 {[%emt 0:00:20]} 48. Nxd5 {[%emt 0:00:18]} Rd8 {[%emt 0:00:03]} 49. Rc7+ {[%emt 0:02:13]} Kxd5 {[%emt 0:00:07]} 50. Ke3 {[%emt 0:00:12]} Rb8 {[%emt 0:04:29]} 51. h4 {[%emt 0:03:46]} Rb4 {[%emt 0:01:38]} 52. g3 {[%emt 0:00:26]} Ra4 {[%emt 0:02:00]} 53. Rg7 {[%emt 0:00:29]} Rg4 {[%emt 0:00:28]} 54. Kf3 {[%emt 0:00:04]} Kc6 {[%emt 0:00:30]} 55. Rf7 {[%emt 0:00:34]} Kb5 {[%emt 0:00:36]} 56. h5 {[%emt 0:00:11]} Kxa5 {[%emt 0:00:27]} 57. h6 {[%emt 0:01:38]} Rg5 {[%emt 0:00:02]} 58. h7 {[%emt 0:00:35]} Rh5 {[%emt 0:00:01]} 59. Kf4 {[%emt 0:00:49]} Kb4 {[%emt 0:00:58]} 60. Ke5 {[%emt 0:01:33]} a5 {[%emt 0:00:58]} 61. Kf6 {[%emt 0:00:15]} Rh3 {[%emt 0:00:25]} 62. Kg7 {[%emt 0:05:39]} a4 {[%emt 0:00:06]} 63. h8=Q {[%emt 0:00:30]} Rxh8 {[%emt 0:00:03]} 64. Kxh8 {[%emt 0:00:02]} a3 {[%emt 0:00:07]} 65. Kg7 {[%emt 0:00:05]} g5 {[%emt 0:00:05]} 66. Rxf5 {[%emt 0:00:10]} 1-0

[Event "37th Andorra Open 2019"]
[Site "Caldea"]
[Date "2019.08.01"]
[Round "6.2"]
[White "Riff, Jean-Noel"]
[Black "Fedorchuk, Sergey A."]
[Result "1/2-1/2"]
[WhiteElo "2495"]
[BlackElo "2633"]
[Annotator "TA"]
[PlyCount "40"]
[EventDate "2018.07.21"]
[EventType "swiss"]
[EventCountry "AND"]
[SourceTitle "playchess.com"]
[Source "ChessBase"]
[SourceQuality "1"]

{[%evp 19,21,12,28,9]} 1. e4 c5 2. Nf3 e6 3. d4 cxd4 4. Nxd4 Nc6 5. Nc3 d6 6. Be2 Nf6 7. O-O Be7 8. Be3 O-O 9. f4 Bd7 10. Kh1 a6 11. Qe1 {B85: Sicilian Scheveningen: 6 Be2 a6, lines with early Be3} (11. Nb3 b5 12. a3 Bc8 13. Bf3 Bb7 14. e5 dxe5 15. fxe5 Nd7 16. Bf4 Qc7 17. Qe1 b4 18. axb4 Bxb4 19. Rd1 Rab8 20. Qg3 Bxc3 21. Bxc6 Qxc6 22. bxc3 {½-½ (77) Sevian,S (2634)-Artemiev,V (2706) Douglas 2018}) {Predecessor:} 11... b5 $146 12. a3 Qb8 13. Bd3 b4 14. axb4 Nxb4 15. Qe2 Rc8 16. g4 g6 17. g5 Nh5 18. Qf2 Nxd3 19. cxd3 Qb7 20. Kg1 Ng7 {½-½ (45) Hernandez Guerrero,G (2533)-Felgaer,R (2562) Montevideo 2019} 1/2-1/2

[Event "37th Andorra Open 2019"]
[Site "Caldea"]
[Date "2019.08.01"]
[Round "6.3"]
[White "Narciso Dublan, Marc"]
[Black "Peralta, Fernando"]
[Result "1/2-1/2"]
[WhiteElo "2489"]
[BlackElo "2562"]
[Annotator "TA"]
[PlyCount "102"]
[EventDate "2018.07.21"]
[EventType "swiss"]
[EventCountry "AND"]
[SourceTitle "playchess.com"]
[Source "ChessBase"]
[SourceQuality "1"]

{[%evp 27,102,33,31,29,32,35,36,37,26,29,34,31,43,10,10,15,13,8,10,11,9,0,69,61,68,56,72,72,79,76,84,44,50,51,50,37,24,18,41,55,68,56,56,52,65,59,94,56,52,6,7,7,5,0,0,0,0,-14,-14,-14,0,0,16,16,16,16,16,16,16,16,16,16,16,16,16,16,25]} 1. d4 e6 2. c4 Nf6 3. Nc3 Bb4 4. f3 d5 5. a3 Bxc3+ 6. bxc3 c5 7. cxd5 exd5 8. e3 O-O 9. Bd3 b6 10. Ne2 Ba6 11. O-O Re8 12. Ng3 Bxd3 13. Qxd3 Nc6 14. Bb2 c4 15. Qd2 {E49: Nimzo-Indian: Rubinstein: 5 Bd3 d5 6 a3 Bxc3+ 7 bxc3} h5 16. Rae1 h4 17. Nh1 {White is slightly better.} b5 (17... Re6 18. Nf2 Qe7 19. Re2 b5 20. Rfe1 a5 21. e4 b4 22. axb4 axb4 {0-1 (34) Potkin,V (2574)-Aleksandrov,A (2589) Tallinn 2018}) 18. Nf2 a5 19. e4 Rb8 $146 ({Predecessor:} 19... Nh5 20. Nh3 Rb8 21. Qf2 b4 22. exd5 Qxd5 23. Qxh4 bxc3 24. Bxc3 {½-½ (80) Ushenina,A (2423)-Boldoo,E (2328) Moscow 2018}) 20. Qf4 (20. e5 $5 {[%cal Re5f6]} Nh7 21. f4 $11) 20... b4 21. axb4 axb4 22. Qxh4 bxc3 23. Bxc3 Rb3 24. Bd2 {Black must now prevent Bg5.} Nh7 (24... Nxd4 $6 25. e5 $16) ({Black should play} 24... Qb6 $11) 25. exd5 $14 Ne7 26. Ba5 Qd7 27. Ne4 {[#] Hoping for d6.} Qxd5 {Strongly threatening ...Ng6.} 28. Nc5 Rb5 29. Bc3 ({But not} 29. Rxe7 $6 Rxe7 30. Qxe7 Qxd4+ 31. Kh1 Rxa5 $11) 29... Qd8 30. Qe4 Rb8 31. Qc2 Nf6 32. Re5 Nc6 33. Rxe8+ Qxe8 34. Re1 Qd8 35. Qa2 Qd5 36. Ne4 {And now Nxf6+ would win.} Nd7 37. Qd2 Rd8 38. Qg5 Qxg5 {The position is equal.} 39. Nxg5 {White wants to play d5.} Nb6 40. Kf2 Nd5 41. Rc1 Ra8 42. Kg3 Ra2 43. Ne4 Ne3 44. Bd2 Nf5+ 45. Kh3 Nfxd4 46. Rxc4 f5 47. Bc3 fxe4 48. Bxd4 Nxd4 49. Rxd4 exf3 50. gxf3 Kf7 51. Kg3 Ra1 {Accuracy: White = 62%, Black = 77%.} 1/2-1/2

[Event "37th Andorra Open 2019"]
[Site "Caldea"]
[Date "2019.08.01"]
[Round "6.4"]
[White "Ochsner, Bjorn Moller"]
[Black "Rychagov, Andrey"]
[Result "1/2-1/2"]
[WhiteElo "2483"]
[BlackElo "2537"]
[Annotator "ChessBase"]
[PlyCount "46"]
[EventDate "2018.07.21"]
[EventType "swiss"]
[EventCountry "AND"]
[SourceTitle "playchess.com"]
[Source "ChessBase"]
[SourceQuality "1"]
[TimeControl "40/5400+30:1800+30"]

1. e4 {[%emt 0:00:00]} e6 {[%emt 0:00:00]} 2. d4 {[%emt 0:00:00]} d5 {[%emt 0:00:00]} 3. Nd2 {[%emt 0:00:00]} c5 {[%emt 0:00:42]} 4. exd5 {[%emt 0:00:17]} exd5 {[%emt 0:00:05]} 5. Ngf3 {[%emt 0:00:10]} Nc6 {[%emt 0:00:08]} 6. Bb5 {[%emt 0:00:07]} Bd6 {[%emt 0:00:06]} 7. dxc5 {[%emt 0:00:25]} Bxc5 {[%emt 0:00:03]} 8. O-O {[%emt 0:00:14]} Nge7 {[%emt 0:00:09]} 9. Nb3 {[%emt 0:00:21]} Bd6 {[%emt 0:00:08]} 10. Re1 {[%emt 0:00:29]} O-O {[%emt 0:00:38]} 11. Bd3 {[%emt 0:00:14]} h6 {[%emt 0:02:04]} 12. h3 {[%emt 0:00:23]} Bf5 {[%emt 0:00:51]} 13. Bxf5 {[%emt 0:00:16]} Nxf5 {[%emt 0:00:04]} 14. Qd3 {[%emt 0:00:19]} Qd7 {[%emt 0:00:55]} 15. Bd2 {[%emt 0:00:30]} Rfe8 {[%emt 0:01:38]} 16. Rad1 {[%emt 0:00:23]} Rxe1+ {[%emt 0:13:12]} 17. Bxe1 {[%emt 0:00:23]} Rd8 {[%emt 0:00:58]} 18. Bc3 {[%emt 0:15:46]} Nfe7 {[%emt 0:05:44]} 19. Nbd4 {[%emt 0:13:59]} Ng6 {[%emt 0:01:54]} 20. Qf5 {[%emt 0:15:29]} Qxf5 {[%emt 0:00:43]} 21. Nxf5 {[%emt 0:00:14]} f6 {[%emt 0:00:09]} 22. Kf1 {[%emt 0:02:22]} Be5 {[%emt 0:03:33]} 23. Bd4 {[%emt 0:02:09]} Kf7 {[%emt 0:03:18]} 1/2-1/2

[Event "37th Andorra Open 2019"]
[Site "Caldea"]
[Date "2019.08.01"]
[Round "6.5"]
[White "Kogan, Arthur"]
[Black "Aloma Vidal, Robert"]
[Result "1-0"]
[WhiteElo "2535"]
[BlackElo "2419"]
[Annotator "ChessBase"]
[PlyCount "49"]
[EventDate "2018.07.21"]
[EventType "swiss"]
[EventCountry "AND"]
[SourceTitle "playchess.com"]
[Source "ChessBase"]
[SourceQuality "1"]
[TimeControl "40/5400+30:1800+30"]

1. e4 {[%emt 0:00:00]} e5 {[%emt 0:04:15]} 2. Nf3 {[%emt 0:00:00]} Nc6 {[%emt 0:00:08]} 3. Nc3 {[%emt 0:01:53]} Nf6 {[%emt 0:00:12]} 4. Bb5 {[%emt 0:00:08]} Bc5 {[%emt 0:00:39]} 5. d3 {[%emt 0:03:09]} O-O {[%emt 0:04:48]} 6. Bg5 {[%emt 0:02:56]} h6 {[%emt 0:11:40]} 7. Bh4 {[%emt 0:00:42]} g5 {[%emt 0:21:46]} 8. Bg3 {[%emt 0:03:21]} d6 {[%emt 0:02:03]} 9. Qd2 {[%emt 0:14:13]} Nd4 {[%emt 0:08:27]} 10. h4 {[%emt 0:15:01]} g4 {[%emt 0:00:49]} 11. Nxd4 {[%emt 0:00:57]} exd4 {[%emt 0:00:07]} 12. Ne2 {[%emt 0:01:16]} c6 {[%emt 0:00:14]} 13. Ba4 {[%emt 0:01:49]} Kh7 {[%emt 0:08:24]} 14. h5 {[%emt 0:14:32]} d5 {[%emt 0:03:01]} 15. e5 {[%emt 0:01:34]} Ng8 {[%emt 0:00:29]} 16. c3 {[%emt 0:02:29]} dxc3 {[%emt 0:03:31]} 17. bxc3 {[%emt 0:03:08]} d4 {[%emt 0:01:01]} 18. Qf4 {[%emt 0:08:28]} Ne7 {[%emt 0:07:18]} 19. Bh4 {[%emt 0:01:40]} Qa5 {[%emt 0:06:28]} 20. Bb3 {[%emt 0:08:06]} Nf5 {[%emt 0:07:37]} 21. Bf6 {[%emt 0:03:32]} Be6 {[%emt 0:01:33]} 22. O-O {[%emt 0:04:15]} Rg8 {[%emt 0:03:16]} 23. Ng3 {[%emt 0:02:03]} Ng7 {[%emt 0:03:07]} 24. Qe4+ {[%emt 0:00:48]} Kh8 {[%emt 0:00:08]} 25. Bxe6 {[%emt 0:00:13]} 1-0

[Event "37th Andorra Open 2019"]
[Site "Caldea"]
[Date "2019.08.01"]
[Round "6.6"]
[White "Asis Gargatagli, Hipolito"]
[Black "Garcia Martin, Marta"]
[Result "1/2-1/2"]
[WhiteElo "2506"]
[BlackElo "2335"]
[Annotator "ChessBase"]
[PlyCount "81"]
[EventDate "2018.07.21"]
[EventType "swiss"]
[EventCountry "AND"]
[SourceTitle "playchess.com"]
[Source "ChessBase"]
[SourceQuality "1"]
[TimeControl "40/5400+30:1800+30"]

1. e4 {[%emt 0:04:53]} e5 {[%emt 0:00:00]} 2. Nf3 {[%emt 0:00:34]} Nc6 {[%emt 0:00:00]} 3. d4 {[%emt 0:01:01]} exd4 {[%emt 0:00:00]} 4. Nxd4 {[%emt 0:00:04]} Nf6 {[%emt 0:00:48]} 5. Nxc6 {[%emt 0:00:26]} bxc6 {[%emt 0:00:05]} 6. e5 {[%emt 0:00:08]} Qe7 {[%emt 0:00:11]} 7. Qe2 {[%emt 0:00:08]} Nd5 {[%emt 0:00:05]} 8. h4 {[%emt 0:00:05]} a5 {[%emt 0:05:26]} 9. g3 {[%emt 0:01:40]} Ba6 {[%emt 0:21:50]} 10. c4 {[%emt 0:01:09]} Qd8 {[%emt 0:12:58]} 11. Qe4 {[%emt 0:20:42]} Bb4+ {[%emt 0:00:52]} 12. Nd2 {[%emt 0:02:33]} Nb6 {[%emt 0:03:59]} 13. Bd3 {[%emt 0:09:41]} Qe7 {[%emt 0:11:19]} 14. O-O {[%emt 0:01:30]} Qe6 {[%emt 0:01:26]} 15. b3 {[%emt 0:12:19]} Bc3 {[%emt 0:08:12]} 16. Rb1 {[%emt 0:02:37]} Bxe5 {[%emt 0:00:29]} 17. Re1 {[%emt 0:20:19]} Bd6 {[%emt 0:03:40]} 18. Bb2 {[%emt 0:03:26]} Qxe4 {[%emt 0:00:30]} 19. Nxe4 {[%emt 0:06:33]} O-O {[%emt 0:00:25]} 20. Nxd6 {[%emt 0:00:38]} cxd6 {[%emt 0:00:04]} 21. Bf5 {[%emt 0:00:49]} c5 {[%emt 0:14:20]} 22. Bc1 {[%emt 0:03:33]} d5 {[%emt 0:04:04]} 23. cxd5 {[%emt 0:00:29]} Nxd5 {[%emt 0:01:54]} 24. Bxd7 {[%emt 0:02:37]} Rad8 {[%emt 0:02:27]} 25. Bg4 {[%emt 0:01:07]} Nb4 {[%emt 0:06:14]} 26. Be3 {[%emt 0:01:24]} Bd3 {[%emt 0:00:59]} 27. Rbd1 {[%emt 0:01:30]} c4 {[%emt 0:00:28]} 28. bxc4 {[%emt 0:01:03]} Bxc4 {[%emt 0:00:07]} 29. Bc5 {[%emt 0:00:43]} Rfe8 {[%emt 0:00:50]} 30. Rxd8 {[%emt 0:00:23]} Rxd8 {[%emt 0:00:04]} 31. Bb6 {[%emt 0:00:27]} Ra8 {[%emt 0:00:58]} 32. a3 {[%emt 0:00:51]} Nc2 {[%emt 0:00:38]} 33. Rc1 {[%emt 0:00:04]} Bd3 {[%emt 0:00:30]} 34. a4 {[%emt 0:00:39]} Ra6 {[%emt 0:00:35]} 35. Bd8 {[%emt 0:00:33]} Ra8 {[%emt 0:00:30]} 36. Bb6 {[%emt 0:00:36]} Ra6 {[%emt 0:00:09]} 37. Bc7 {[%emt 0:00:30]} Ra7 {[%emt 0:00:37]} 38. Bf4 {[%emt 0:00:37]} f5 {[%emt 0:00:38]} 39. Bd1 {[%emt 0:00:17]} Nd4 {[%emt 0:00:28]} 40. Rc8+ {[%emt 0:00:00]} Kf7 {[%emt 0:00:00]} 41. Rc7+ {[%emt 0:07:37]} 1/2-1/2